<?xml version="1.0" encoding="UTF-8"?>
<marc:record xmlns:marc="http://www.loc.gov/MARC21/slim">
   <marc:leader>00000nam a2200000 a 4500</marc:leader>
   <marc:datafield ind1="1" ind2=" " tag="100">
      <marc:subfield code="a">Žižek, Slavoj</marc:subfield>
      <marc:subfield code="4">aut</marc:subfield>
      <marc:subfield code="e">Verfasser/-in</marc:subfield>
   </marc:datafield>
   <marc:datafield ind1="1" ind2=" " tag="100">
      <marc:subfield code="a">Genschow, Karen</marc:subfield>
      <marc:subfield code="4">trl</marc:subfield>
      <marc:subfield code="e">Übersetzer/-in</marc:subfield>
   </marc:datafield>
   <marc:datafield ind1="1" ind2=" " tag="100">
      <marc:subfield code="a">Žižek, Slavoj</marc:subfield>
   </marc:datafield>
   <marc:datafield ind1=" " ind2=" " tag="653">
      <marc:subfield code="a">Geschichte 2011</marc:subfield>
   </marc:datafield>
   <marc:datafield ind1=" " ind2=" " tag="653">
      <marc:subfield code="a">Arabischer Frühling</marc:subfield>
   </marc:datafield>
   <marc:datafield ind1=" " ind2=" " tag="653">
      <marc:subfield code="a">Occupy Wall Street</marc:subfield>
   </marc:datafield>
   <marc:datafield ind1=" " ind2=" " tag="653">
      <marc:subfield code="a">Anschläge in Norwegen</marc:subfield>
   </marc:datafield>
   <marc:datafield ind1=" " ind2=" " tag="653">
      <marc:subfield code="a">Kapitalismus</marc:subfield>
   </marc:datafield>
   <marc:datafield ind1=" " ind2=" " tag="653">
      <marc:subfield code="a">Globalisierung</marc:subfield>
   </marc:datafield>
   <marc:datafield ind1=" " ind2=" " tag="653">
      <marc:subfield code="a">Finanzkrise</marc:subfield>
   </marc:datafield>
   <marc:datafield ind1=" " ind2=" " tag="653">
      <marc:subfield code="a">Softcover / Politikwissenschaft</marc:subfield>
   </marc:datafield>
   <marc:datafield ind1="0" ind2="0" tag="245">
      <marc:subfield code="a">Das Jahr der gefährlichen Träume</marc:subfield>
   </marc:datafield>
   <marc:datafield ind1="0" ind2="0" tag="245">
      <marc:subfield code="c">Slavoj Žižek. Aus dem Engl. von Karen Genschow</marc:subfield>
   </marc:datafield>
   <marc:datafield ind1=" " ind2="1" tag="264">
      <marc:subfield code="a">Frankfurt, M.</marc:subfield>
      <marc:subfield code="b">S. Fischer</marc:subfield>
      <marc:subfield code="c">2013</marc:subfield>
   </marc:datafield>
   <marc:datafield ind1="1" ind2=" " tag="520">
      <marc:subfield code="a">Angaben aus der Verlagsmeldung

Das Jahr der gefährlichen Träume Jahr / von Slavoj Zizek

Über den Arabischen Frühling, Occupy Wall Street – und den Massenmord von Breivik

2011 – das Jahr des Arabischen Frühlings, der Occupy Wall Street-Bewegung, der Revolte in den Vorstädten Londons.

2011 – das Jahr von Breiviks ideologischer Wahnsinnstat, des aufkommenden Antisemitismus in Ungarn, des zunehmenden Rassismus.

Gefährliche Träume in zweierlei Richtung stehen dahinter: emanzipatorische und destruktive. Was bedeuten diese Ereignisse im Kontext des globalen Kapitalismus? Mit Dialektik, analytischer Schärfe und gewohnt pointensicher legt Slavoj Žižek die Widersprüche der gegenwärtigen politischen Lage frei und fragt, wie wir das System bekämpfen können, ohne zu seinem Funktionieren beizutragen.

»Theorie muss auch immer sexy sein, sie muss unterhalten, provozieren, bruchstückhaft und leicht zitierbar sein, physisch spürbar wie Rockmusik. All das liefert Žižek.«

Der Spiegel
</marc:subfield>
   </marc:datafield>
   <marc:datafield ind1=" " ind2=" " tag="020">
      <marc:subfield code="a">9783100925930</marc:subfield>
      <marc:subfield code="9">9783100925930</marc:subfield>
   </marc:datafield>
   <marc:datafield ind1=" " ind2=" " tag="020">
      <marc:subfield code="a">3100925939</marc:subfield>
      <marc:subfield code="9">3100925939</marc:subfield>
   </marc:datafield>
   <marc:datafield ind1=" " ind2=" " tag="041">
      <marc:subfield code="a">ger</marc:subfield>
   </marc:datafield>
   <marc:datafield ind1=" " ind2=" " tag="300">
      <marc:subfield code="a">220 S.</marc:subfield>
   </marc:datafield>
</marc:record>
